Sông nước trong đời sống văn hóa Nam Bộ

שמור ב:
מידע ביבליוגרפי
מחבר ראשי: Nguyễn, Hữu Hiếu
מחבר תאגידי: Hội văn nghệ dân gian Việt Nam
פורמט: ספר
שפה:Vietnamese
יצא לאור: Hà Nội Mỹ Thuật 2017
נושאים:
תגים: הוספת תג
אין תגיות, היה/י הראשונ/ה לתייג את הרשומה!
Thư viện lưu trữ: Trung tâm Học liệu Lê Vũ Hùng, Trường Đại học Đồng Tháp
LEADER 00910aam a22002658a 4500
001 00044067
005 20190416140410.0
008 120403s2007 ||||||viesd
020 # # |c 0  |a 9786047866984 
041 0 # |a vie 
082 1 4 |a 398.095 977  |b S455N 
100 1 # |a Nguyễn, Hữu Hiếu 
245 1 0 |c Trần Minh Thương  |a Sông nước trong đời sống văn hóa Nam Bộ 
260 # # |a Hà Nội  |b Mỹ Thuật  |c 2017 
300 # # |c 21 cm.  |a 578 tr. 
500 # # |a ĐTTS ghi : Hội văn nghệ dân gian Việt Nam 
653 # # |a Nam Bộ 
653 # # |a Sông nước 
653 # # |a Việt Nam 
653 # # |a Văn hóa dân gian 
653 # # |a Đời sống 
710 # # |a Hội văn nghệ dân gian Việt Nam 
852 # # |j KD.0025268 
910 # # |d 16/4/2019 
980 # # |a Trung tâm Học liệu Lê Vũ Hùng, Trường Đại học Đồng Tháp